<?xml version="1.0" encoding="UTF-8"?>
<record
    xmlns:xsi="http://www.w3.org/2001/XMLSchema-instance"
    xsi:schemaLocation="http://www.loc.gov/MARC21/slim http://www.loc.gov/standards/marcxml/schema/MARC21slim.xsd"
    xmlns="http://www.loc.gov/MARC21/slim">

  <leader>00476nam a22001337a 4500</leader>
  <datafield tag="999" ind1=" " ind2=" ">
    <subfield code="c">122139</subfield>
    <subfield code="d">122139</subfield>
  </datafield>
  <controlfield tag="005">20210428153425.0</controlfield>
  <controlfield tag="008">210428b           ||||| |||| 00| 0 eng d</controlfield>
  <datafield tag="040" ind1=" " ind2=" ">
    <subfield code="c">PK-LaUMT</subfield>
  </datafield>
  <datafield tag="082" ind1=" " ind2=" ">
    <subfield code="a">RHC 320.53105</subfield>
    <subfield code="b">CHA-</subfield>
  </datafield>
  <datafield tag="245" ind1=" " ind2=" ">
    <subfield code="a">Charagh-i-rah [monthly, 1967] = &#x686;&#x631;&#x627;&#x63A; &#x631;&#x627;&#x6C1; (&#x645;&#x627;&#x6C1;&#x646;&#x627;&#x645;&#x6C1;:</subfield>
    <subfield code="b">socialism number =  &#x633;&#x648;&#x634;&#x644;&#x632;&#x645; &#x646;&#x645;&#x628;&#x631;/</subfield>
    <subfield code="c">edited by khurshid Ahmad, Ahmad Ans and Mumtaz Ahmad</subfield>
  </datafield>
  <datafield tag="260" ind1=" " ind2=" ">
    <subfield code="a">Karachi :</subfield>
    <subfield code="b">Idarah Moarf-i-Islami,</subfield>
    <subfield code="c">1967</subfield>
  </datafield>
  <datafield tag="300" ind1=" " ind2=" ">
    <subfield code="a">307 p</subfield>
  </datafield>
  <datafield tag="942" ind1=" " ind2=" ">
    <subfield code="c">BK</subfield>
  </datafield>
  <datafield tag="952" ind1=" " ind2=" ">
    <subfield code="0">0</subfield>
    <subfield code="1">0</subfield>
    <subfield code="4">0</subfield>
    <subfield code="7">0</subfield>
    <subfield code="a">01</subfield>
    <subfield code="b">01</subfield>
    <subfield code="d">2021-04-28</subfield>
    <subfield code="l">0</subfield>
    <subfield code="o">RHC 320.53105 CHA-</subfield>
    <subfield code="p">137020</subfield>
    <subfield code="r">2021-04-28 00:00:00</subfield>
    <subfield code="w">2021-04-28</subfield>
    <subfield code="y">BK</subfield>
  </datafield>
</record>
